Adventure Time Mystery Song #2 Quiz Stats

Quiz not verified by Sporcle

Challenge
Share
Tweet
Embed
Score 0/177 Timer 11:00
0 Plays Today
Lyrics % Correct
a
94.1%
a
94.1%
a
94.1%
a
94.1%
a
94.1%
I
93.9%
I
93.9%
I
93.9%
I
93.9%
I
93.9%
I
93.9%
I
93.9%
I
93.9%
I
93.9%
I
93.9%
I
93.9%
I
93.9%
I
93.9%
I
93.9%
I
93.9%
you
78.3%
to
70.4%
to
70.4%
in
69.6%
do
69.1%
me
67.6%
me
67.6%
I'm
67%
I'm
67%
I'm
67%
I'm
67%
is
66.7%
is
66.7%
is
66.7%
it
63.9%
it
63.9%
it
63.9%
like
63.7%
my
63.7%
like
63.7%
my
63.7%
like
63.7%
like
63.7%
like
63.7%
like
63.7%
like
63.7%
my
63.7%
like
63.7%
my
63.7%
like
63.7%
like
63.7%
Why
62.8%
be
62.2%
what
61.1%
all
60.9%
all
60.9%
all
60.9%
all
60.9%
all
60.9%
Lyrics % Correct
all
60.9%
can't
59.8%
can't
59.8%
inside
59.8%
inside
59.8%
inside.
59.8%
inside.
59.8%
inside...
59.8%
inside
59.8%
inside
59.8%
inside.
59.8%
inside.
59.8%
inside.
59.8%
wanna
59.6%
wanna
59.6%
go
59.6%
up
59.1%
up
59.1%
up
59.1%
your
59.1%
your
59.1%
up
59.1%
up
59.1%
up
59.1%
this
58.9%
this
58.9%
this
58.9%
this
58.9%
this
58.9%
if
58.7%
if
58.7%
feel
58.7%
if
58.7%
feel
58.7%
feel
58.7%
feel
58.7%
just
58%
heart.
56.7%
heart,
56.7%
gummed
55.9%
gummed
55.9%
gummed
55.9%
for
55.2%
for
55.2%
her?
54.8%
It's
54.3%
It's
54.3%
It's
54.3%
on
54.3%
keep
54.1%
keep
54.1%
keep
54.1%
keep
54.1%
keep
54.1%
gonna
53.5%
gonna
53.5%
you're
52.6%
you're
52.6%
of
52.4%
Lyrics % Correct
body,
52.2%
body,
52.2%
there's
52%
there's
52%
there's
52%
there's
52%
fire
51.1%
fire
51.1%
fire
51.1%
Oh,
50.9%
Oh,
50.9%
dad.
50.9%
Oh,
50.9%
think
50.7%
think
50.7%
down
49.3%
any
49.3%
trying
48.9%
Every
48.9%
thing
48.9%
thing
48.9%
hole
48.5%
hole
48.5%
consume
48.3%
consume
48.3%
start.
48%
start.
48%
deeper.
47.8%
'cause
47.6%
'Cause
47.6%
'Cause
47.6%
Princess,
47.4%
pushing
47.2%
make
47%
feels
46.7%
feels
46.7%
take,
46.3%
Flame
46.3%
waiting
46.1%
kiss
46.1%
waiting
46.1%
warmed
45.4%
warmed
45.4%
warmed
45.4%
another
45%
mistake.
44.8%
move
44.6%
right
44.6%
would
44.1%
feeling
44.1%
really
44.1%
front
44.1%
date!
43.3%
great,
42.8%
mate,
42.6%
rad.
42%
or
41.3%
maybe
41.1%
wonder
38.3%

You're not logged in!

Compare scores with friends on all Sporcle quizzes.
Join for Free
OR
Log In

You Might Also Like...

Show Comments

Extras

Top Quizzes Today


Score Distribution

Your Account Isn't Verified!

In order to create a playlist on Sporcle, you need to verify the email address you used during registration. Go to your Sporcle Settings to finish the process.

Report this User

Report this user for behavior that violates our Community Guidelines.

Details: